000 01171nam a2200181 a 4500
001 000029269
005 20250607073643.0
008 110414s2008 dr a 000 0 spa d
020 _a9789993481843
245 0 0 _aPlan para la década de recursos humanos en salud 2006-2015 :
_bRepública Dominicana /.
260 _aSanto Domingo :
_bSESPAS
_bOrganización Panamericana de la Salud,
_c2008.
300 _a44 p. :
_bil. ;
_c26 cm.
505 2 _aPresentación -- Contexto internacional -- El contexto nacional del plan para la década de recursos humanos en salud-- Antecedentes -- Otras acciones previas al plan para la década de recursos humanos en salud -- Elaboración del plan para la década de recursos humanos en salud -- Matriz del plan para la década de los recursos humanos en salud, 2006-2015 -- Matriz del plan para la década de los recursos humanos en salud, 2006-2015 -- Anexos.
500 _aIncluye referencias bibliográficas y notas al pie de las páginas
710 1 _aRepública Dominicana.
_b Secretaria de Estado de Salud Pública y Asistencia Social (2001)
_956549
710 1 _aOrganización Panamericana de la Salud
_91055
999 _c28761
_d28761
040 _aDO-SdBNP